All Dead by Daylight Survivor perks - Statistics

General Stats
  • This quiz has been taken 45 times
  • The average score is 36 of 125
Answer Stats
Survivor Answer % Correct
Ace Ace in the Hole
94%
Meg Adrenaline
81%
Feng Alert
72%
Yui Any Means Necessary
66%
Kate Boil Over
66%
Dwight Bond
66%
Jeff Aftercare
63%
Nea Balanced Landing
63%
Claudette Botany Knowledge
63%
Adam Autodidact
59%
Leon Bite the Bullet
59%
Jill Blast Mine
59%
Mikaela Boon: Circle of Healing
59%
Bill Borrowed TIme
56%
Yui Breakout
56%
Kate Dance with Me
56%
Renato Blood Rush
53%
Mikaela Boon: Shadow Step
53%
Jeff Breakdown
53%
Jake Calm Spirit
53%
David Dead Hard
53%
Laurie Decisive Strike
53%
Adam Deliverance
53%
Elodie Appraisal
50%
Cheryl Blood Pact
50%
Jonah Boon: Exponential
50%
Ash Buckle Up
50%
Adam Diversion
50%
Yoichi Boon: Dark Theory
47%
Mikaela Clairvoyance
47%
Renato Background Player
44%
Felix Built to Last
44%
Elodie Deception
44%
Rebecca Better than New
41%
Jonah Corrective Action
41%
Jill Counterforce
41%
Felix Desperate Measures
41%
Jeff Distortion
41%
Thalita Cut Loose
38%
Claudette Empathy
38%
Zarina For the People
38%
All Dark Sense
34%
Leon Flashbang
34%
All Déjà Vu
31%
Yoichi Empathic Connection
31%
Ash Flip-Flop
31%
Thalita Friendly Competition
31%
Yun-Jin Fast Track
28%
Vittorio Fogwise
28%
Feng Lithe
28%
David Detective's Hunch
25%
Jane Head On
25%
Dwight Leader
25%
Bill Left Behind
25%
Meg Quick & Quiet
25%
Meg Sprint Burst
25%
Rebecca Hyperfocus
22%
Laurie Object of Obsession
22%
Zarina Off the Record
22%
Dwight Prove Thyself
22%
Vittorio Quick Gambit
22%
Rebecca Reassurance
22%
Zarina Red Herring
22%
Jake Saboteur
22%
Claudette Self-Care
22%
Jake Iron Will
19%
Ash Mettle of Man
19%
David No Mither
19%
Ace Open-Handed
19%
Jonah Overcome
19%
Yoichi Parental Guidance
19%
Quentin Pharmacy
19%
Elodie Power Struggle
19%
Ada Reactive Healing
19%
Jill Resurgence
19%
Leon Rookie Spirit
19%
Yun-Jin Self-Preservation
19%
Yun-Jin Smash Hit
19%
Laurie Sole Survivor
19%
Jane Solidarity
19%
Cheryl Soul Guard
19%
Nea Streetwise
19%
Feng Technician
19%
Ada Low Profile
16%
Yui Lucky Break
16%
Gabriel Made for This
16%
Haddie Overzealous
16%
Jane Poised
16%
Vittorio Potential Energy
16%
Cheryl Repressed Alliance
16%
Haddie Residual Manifest
16%
Gabriel Scavenger
16%
Renato Teamwork: Collective Stealth
16%
Bill Unbreakable
16%
Quentin Wake Up
16%
Kate Windows of Opportunity
16%
All Plunderer's Instinct
13%
All Resilience
13%
All Slippery Meat
13%
David Stake Out
13%
Thalita Teamwork: Power of two
13%
David Tenacity
13%
Ace Up the Ante
13%
Nea Urban Evasion
13%
Quentin Vigil
13%
Felix Visionary
13%
David We're Gonna Live Forever
13%
All Hope
9%
Haddie Inner Focus
9%
All Small Game
9%
All Spine Chill
9%
All We'll Make It
9%
All Kindred
6%
All No One Left Behind
6%
All This is not Happening
6%
Gabriel Troubleshooter
6%
All Inner Healing
3%
All Kinship
3%
All Lightweight
3%
All Premonition
3%
All Renewal
3%
All Self-Aware
3%
All Situational Awareness
3%
All Guardian
0%
Ada Wiretape
0%
No matching quizzes found
Score Distribution
Percent of People with Each Score
Percentile by Number Answered
Your Score History
You have not taken this quiz